Largest North African Cities - Statistics

General Stats
  • This quiz has been taken 37 times
  • The average score is 11 of 15
Answer Stats
Pop Answer % Correct
3806000 Alexandria
100%
1696000 Algiers
100%
7764000 Cairo
100%
3344300 Casablanca
97%
696700 Tunis
94%
1600070 Rabat
92%
1890600 Tripoli
92%
921900 Fez
83%
745800 Marrakesh
83%
732000 Oran
64%
2541000 Giza
61%
728500 Benghazi
58%
591300 Tangiers
39%
610600 Agadir
25%
995800 Subra al-Haymah
0%
No matching quizzes found
Score Distribution
Percent of People with Each Score
Percentile by Number Answered
Your Score History
You have not taken this quiz